000 00505nam a2200181Ia 4500
999 _c45234
_d45234
003 GCL
005 20240530104156.0
008 140319s9999 xx 000 0 ara d
040 _aGCL /
_cGCL
082 0 4 _a250
_bا م
100 1 _aاحمد فتحى بهنسى
245 1 0 _aمدخل الفقه الجنائى الاسلامى /
_cاحمد فتحى بهنسى
300 _a211 ص
650 0 4 _aالاسلام
650 0 4 _aالقصاص
650 0 4 _aالفقه الاسلامى
942 _2ddc
_cBK